Algunos árboles y otras plantas de Tanguí (Registro nro. 88)
[ vista simple ]
| 000 -CABECERA | |
|---|---|
| Campo de control | 00598nam a2200205 a 4500 |
| 005 - FECHA Y HORA DE LA ULTIMA TRANSACCION | |
| Campo de control | 20160108105251.0 |
| 008 - ELEMENTOS DE LONGITUD FIJA—INFORMACION GENERAL | |
| Campo de control | 140114b1993 ck ||||| |||| 00| 0 spa d |
| 040 ## - FUENTE DE CATALOGACIÓN | |
| Agencia catalogadora original | CO-BoIAVH |
| Agencia transcriptora | CO-BoIAVH |
| 041 ## - IDIOMA | |
| Código de idioma para texto/pista de sonido o título separado | Español |
| 082 ## - NUMERO DE CLASIFICACION DECIMAL DEWEY | |
| Número de clasificación | 582.16 |
| Número del ítem | B61a |
| 111 ## - ASIENTO PRINCIPAL--NOMBRE DE REUNION | |
| Nombre de reunión o de jurisdicción como elemento de entrada | Curso de Dendrología |
| Lugar de la reunión | Tanguí, Choco |
| Fecha de la reunión | 1993 |
| 245 ## - MENCION DE TITULO | |
| Título | Algunos árboles y otras plantas de Tanguí |
| Parte restante del título | memorias |
| 260 ## - PUBLICACION, DISTRIBUCION, ETC. (PIE DE IMPRENTA) | |
| Lugar de publicación, distribución, etc. | Bogotá |
| Nombre del editor, distribuidor, etc. | Proyecto Biopacífico |
| Fecha de publicación, distribución, etc. | 1993 |
| 300 ## - DESCRIPCION FISICA | |
| Extensión | 62 paginas |
| 650 #6 - ASIENTO SECUNDARIO DE MATERIA - TERMINO TEMATICO | |
| Término temático o nombre geográfico como elemento de entrada | Dendrología |
| 650 #6 - ASIENTO SECUNDARIO DE MATERIA - TERMINO TEMATICO | |
| Término temático o nombre geográfico como elemento de entrada | Arboles |
| 650 #6 - ASIENTO SECUNDARIO DE MATERIA - TERMINO TEMATICO | |
| Término temático o nombre geográfico como elemento de entrada | Guía de campo |
| 662 ## - ASIENTO SECUNDARIO DE MATERIA - JERARQUIA DEL NOMBRE DE LUGAR( | |
| País o entidad mayor | Colombia |
| Jurisdicción política de primer orden | Chocó |
| 942 ## - ELEMENTOS ADICIONALES (KOHA) | |
| Tipo de ítem | Libro |
| Sistema de clasificación | Dewey Decimal Classification |
| Withdrawn status | Lost status | Sistema de Clasificación | Damaged status | No para préstamo | Colección | Inventariado | Ubicación Permanente | Ubicación actual | Fecha de adquisición | Fuente de Valor | Valor | Total Checkouts | Número topográfico | Inventario / Código de Barras | Date last seen | Ejemplar | Price effective from | Forma de adquisición | Tipo de material |
|---|---|---|---|---|---|---|---|---|---|---|---|---|---|---|---|---|---|---|---|
| Dewey Decimal Classification | General | Inventariado 2017 | Bogotá | Bogotá | 17/12/1997 | Instituto | 45000.00 | LB-582.16 B61a | 000105 | 04/12/2012 | Ej. 1 | 04/12/2012 | Libro | ||||||
| Dewey Decimal Classification | General | Bogotá | Bogotá | 04/12/2017 | LB-582.16 B61a | 000107 | 04/12/2017 | Ej. 3 | 04/12/2017 | Donación | Libro | ||||||||
| Dewey Decimal Classification | General | Inventariado 2017 | Sala Fabio Quevedo | Sala Fabio Quevedo | 17/12/1997 | Instituto | 45000.00 | LB-582.16 B61a | 000106 | 04/12/2012 | Ej. 2 | 04/12/2012 | Libro |